Essays in Japan and Asia
Đã lưu trong:
| 主要作者: | |
|---|---|
| 格式: | 图书 |
| 语言: | Undetermined |
| 出版: |
Tokyo
Economic Research Center
1970
|
| 主题: | |
| 标签: |
添加标签
没有标签, 成为第一个标记此记录!
|
| Thư viện lưu trữ: | Trung tâm Học liệu Trường Đại học Cần Thơ |
|---|
| LEADER | 00469nam a2200181Ia 4500 | ||
|---|---|---|---|
| 001 | CTU_86365 | ||
| 008 | 210402s9999 xx 000 0 und d | ||
| 082 | |a 330.9 | ||
| 082 | |b O.41 | ||
| 100 | |a Okita, Saburo | ||
| 245 | 0 | |a Essays in Japan and Asia | |
| 245 | 0 | |c Saburo Okita | |
| 260 | |a Tokyo | ||
| 260 | |b Economic Research Center | ||
| 260 | |c 1970 | ||
| 650 | |a Economic conditions | ||
| 904 | |i Năm | ||
| 980 | |a Trung tâm Học liệu Trường Đại học Cần Thơ | ||